000 00670nam0a22002411 4500
001 rc\1050248
005 20250622092432.0
035 _a(NLR Aleph) 006211761
090 _a6375981
_c6375980
100 _a20041129d1981 |||y0rusy50 ca
101 0 _arus
102 _aRU
105 _aa |||||||||
200 1 _aВентиляция карьеров
210 _aМ.
_cНедра
_d1981
215 _a206 с.
_cил.
_d21
320 _aБиблиогр.: с. 200-204 (95 назв.)
700 1 _aФилатов
_bС.С.
_gСергей Сергеевич
801 0 _aRU
_bNLR
_gpsbo
801 1 _aRU
_bELAR
_2rusmarc
852 _aNLR
_j81-5/5073
942 _cBOOK
980 _aNB